00000000nas##2200000za#4500
0019.509695
003CaOODSP
00520210305160055
007ta
008150406c1994||||xxc|| m #||||f|   |0fre|d
040 |aCaOODSP|bfre
041 |aeng
041 |afre
043 |an-cn---
0861 |aXB351
1101 |aCanada. |bParlement. |bChambre des communes.
24510|aProjets de loi de la Chambre des communes : |b1re session, 35e législature, 42-44 Élizabeth II, 1994-1995
260 |bChambre des communes
546 |aBilingue
791 |tBills of the House of Commons : |eeng|w(CaOODSP)9.509694